| 000 | 00626nam a22001937a 4500 | ||
|---|---|---|---|
| 005 | 20100803112629.0 | ||
| 010 | _aEN-97517 | ||
| 020 |
_a978818038628 _c3295.00 |
||
| 035 | _aEN-81050 | ||
| 037 | _bDBAD/PUB | ||
| 082 | _a345.5405 | ||
| 100 |
_aBasu , Durga Das _94836 |
||
| 245 |
_aCriminal Procedure Code ,1973/ _cDurga das Basu |
||
| 260 |
_aGurgaon _bLexisNexis ButterWorths Wadhwa nagpur _c2010 |
||
| 270 |
_a14th floor,Buiolding no 10, tower -B DLF Cyber City ,phase 11 _bGurgaon _e122002 |
||
| 300 |
_aV2 cclx ,1105 p _c25 cm (Hb) |
||
| 500 | _aincludes index | ||
| 942 |
_2ddc _cEN _h345.5405 _mBAS |
||
| 999 |
_c38879 _d38879 |
||